| 000 | 01088nam a2200277 i 4500 | ||
|---|---|---|---|
| 001 | 182638 | ||
| 003 | ES-MaACL | ||
| 005 | 20250827231907.0 | ||
| 008 | 131008s2012 sp a | |||||||| | spa d | ||
| 020 | _a978-84-939918-2-1 | ||
| 080 | _a17:61 | ||
| 080 | _a174:614.2 | ||
| 245 | 0 | 0 |
_aBioética : _bde la globalización a la toma de decisiones / _ccoordinadores de la monografía, Benjamín Herreros y Fernando Bandrés. |
| 260 |
_a[Paracuellos de Jarama, Madrid] : _bADEMAS, _cD.L. 2012. |
||
| 300 |
_a288 p. : _bil. col. ; _c24 cm. |
||
| 490 | 1 | _aColección Docencia universitaria. Serie Humanidades médicas | |
| 504 | _aIncluye referencias bibliográficas. | ||
| 650 | 7 |
_aBioética. _910569 |
|
| 650 | 7 |
_aÉtica médica _2embne _912587 |
|
| 700 | 1 |
_aBandrés Moya, Fernando. _9138338 |
|
| 700 | 1 |
_aHerreros Ruiz Valdepeñas, Benjamín. _9142972 |
|
| 830 | 0 | 0 |
_aColección docencia universitaria. _pSerie humanidades médicas _9224867 |
| 852 |
_aES-MaACL _jA-12875 _9189555 _bR.149084 _cDEPO1 _dOlim: N-5875 |
||
| 942 |
_2udc _cMONOGRAFIA |
||
| 999 |
_c182638 _d182638 |
||